00556nam a2200169Ia 4500008004100000020001500041041001200056082001100068100001400079245005100093260003500144300000800179650000700187942000700194999001500201952017000216221030s9999 xx 000 0 und d a8131711453 aEnglish a105.23 aS. Keshav 3aAn Engineering Approach to Computer Networking bPearson EdcuationaDelhic2008 a642 aIT cBK c6355d6355 pBE 10108g450.00l0o105.23 r2024-06-13 00:00:00w2022-10-30yBK003Print4071aMIETLIBbMIETLIBcBL-Academic Block B, FL-1, CUP-168, SH-2, R-2d2009-12-1110HBE